| 000 | 00531cab a2200193 4500 | ||
|---|---|---|---|
| 001 | X951 | ||
| 008 | 090401t1993 xxu||||| |||| 00| 0 eng d | ||
| 035 | _a(Sirsi) u68404 | ||
| 041 | _aeng | ||
| 245 | _aCubbon : let`s have response, says Owen | ||
| 260 | _c1993 | ||
| 350 | _a0 | ||
| 490 |
_aCS Monthly _bthe Building Surveyor _v2(10) July/August 1993, 1-2(2) |
||
| 650 | _aCUBBON REPORT | ||
| 650 | _aRICS CONSTITUTION | ||
| 690 | _aMANAGEMENT-BUSINESS MANAGEMENT-PROFESSIONAL PRACTICE | ||
| 942 | _n0 | ||
| 948 | _c04/03/1997 | ||
| 999 |
_c42916 _d42916 |
||